LEADER 00925nam0-2200325 --450 001 9910891099103321 005 20241014141559.0 010 $a88-339-0504-7 020 $aIT$b91-5294 100 $a20241014d1989----kmuy0itay5050 ba 101 1 $aita$cfre 102 $aIT 105 $a 001yy 200 1 $aTra il tempo e l'eternità$fIlya Prigogine, Isabelle Stengers 210 $aTorino$cBollati Boringhieri$d1989 215 $a224 p.$cill.$d22 cm 225 1 $aSaggi scientifici 300 $aTraduzione di Carlo Tatasciore. 610 0 $aFisica$aTeorie 610 0 $aSpazio-tempo 676 $a530.1$v19 700 1$aPrigogine,$bIlya$012655 701 1$aStengers,$bIsabelle$022041 801 0$aIT$bUNINA$gREICAT$2UNIMARC 901 $aBK 912 $a9910891099103321 952 $aDAM A10 PRII 03$b2024/8579$fFLFBC 959 $aFLFBC 996 $aTra il tempo e l'eternità$91446605 997 $aUNINA